| 000 | 00613nam a2200205Ia 4500 | ||
|---|---|---|---|
| 003 | GCL | ||
| 008 | 140319s9999 xx 000 0 ara d | ||
| 040 |
_aGCL / _cGCL |
||
| 082 | 0 | 4 |
_a811.094 _bأ أ |
| 100 | 1 | _aاليوت, ت 0 س | |
| 245 | 1 | 0 |
_aالاعمال الكاملة رباعيات اربع / _cاليوت, ت 0 س |
| 700 | 1 | _aتوفيق صايغ | |
| 260 |
_a[S.N] : _bرياض الريس للكتب والنشر ، _c1990 |
||
| 300 | _a132 ص | ||
| 490 | _a | ||
| 650 | 0 | 4 | _aالشعر العربى |
| 650 | 0 | 4 | _aالادب العربى |
| 650 | 0 | 4 | _aالعصر الحديث |
| 942 |
_2ddc _cBK |
||
| 999 |
_c36071 _d36071 |
||